[Event "Wch U16"]
[Site "Porto Carras"]
[Date "2018.10.24"]
[Round "6"]
[White "Fainman, Tomer"]
[Black "Morgunov, Daniel"]
[Result "0-1"]
[WhiteElo "2054"]
[BlackElo "2328"]
[PlyCount "138"]
[EventDate "2018.10.20"]
[EventType "swiss"]
[EventRounds "11"]
[EventCountry "GRE"]
[SourceTitle "CBM 187 Extra"]
[Source "ChessBase"]
[SourceDate "2018.11.04"]
[SourceVersion "1"]
[SourceVersionDate "2018.11.04"]
[SourceQuality "1"]

1. d4 Nf6 2. c4 g6 3. Nc3 Bg7 4. e4 d6 5. h3 0-0 6. Nf3 Na6 7. Be3 e5 8. d5 Nh5 9. Nd2 Qe8 10. Be2 Nf4 11. 0-0 f5 12. Bxf4 exf4 13. Bf3 Nc5 14. Qe2 Qf7 15. Nb3 fxe4 16. Nxe4 Nxe4 17. Bxe4 Re8 18. f3 Qf6 19. Rab1 Re5 20. Nc1 Rh5 21. Rd1 Bd7 22. Nd3 Qg5 23. Kf1 Ba4 24. b3 Bd7 25. Nf2 Re8 26. Ng4 Qe7 27. Qd3 Bxg4 28. fxg4 Re5 29. Bf3 Qh4 30. Qd2 Re3 31. Qf2 Qe7 32. h4 g5 33. h5 Bc3 34. Kg1 Qe5 35. Kh2 Be1 36. Qc2 Bg3+ 37. Kh3 Qg7 38. Rd2 R8e5 39. Rdd1 Re7 40. Qf5 R7e5 41. Qc2 Re8 42. Rf1 Rc3 43. Qf5 Qe5 44. Qd7 Qe7 45. Qa4 a6 46. Qb4 Rc2 47. Qxb7 Qe3 48. Qc6 Re7 49. Qa8+ Re8 50. Qc6 Rf8 51. Rbd1 Qc3 52. Qd7 Rxa2 53. Be4 Qg7 54. Qe6+ Qf7 55. Qh6 Qe7 56. Bf5 Kh8 57. Rd3 Rf7 58. Be6 Rf6 59. Qxg5 Rxe6 60. Qxe7 Rxe7 61. h6 Kg8 62. g5 Ree2 63. Kg4 Rxg2 64. Kf5 Rae2 65. c5 Re5+ 66. Kg4 Bh2+ 67. Kh3 Rexg5 68. cxd6 Bg1 69. Kh4 Rg6 0-1

[Event "EU School-ch U15"]
[Site "Kallithea"]
[Date "2016.06.17"]
[Round "1"]
[White "Fainman, Tomer"]
[Black "Keinanen, Toivo"]
[Result "1/2-1/2"]
[WhiteElo "1823"]
[BlackElo "2218"]
[PlyCount "100"]
[EventDate "2016.06.17"]
[EventType "swiss"]
[EventRounds "9"]
[EventCountry "GRE"]
[SourceTitle "EXT 2017"]
[Source "ChessBase"]
[SourceDate "2016.10.25"]
[SourceVersion "1"]
[SourceVersionDate "2016.10.25"]
[SourceQuality "1"]

1. d4 d5 2. c4 e6 3. Nc3 Be7 4. Nf3 Nf6 5. cxd5 exd5 6. Bg5 c6 7. Qc2 h6 8. Bh4 0-0 9. e3 Re8 10. Bd3 Ne4 11. Bxe7 Qxe7 12. 0-0 Bf5 13. Nd2 Nd7 14. Rae1 Ndf6 15. f3 Nxd2 16. Qxd2 Bxd3 17. Qxd3 Rad8 18. a3 Rd7 19. Re2 Nh5 20. Qf5 g6 21. Qd3 Rd6 22. g3 Qg5 23. Kh1 Rde6 24. e4 dxe4 25. fxe4 Rf6 26. Rff2 Rxf2 27. Rxf2 Rd8 28. Ne2 Qg4 29. Qf3 Qe6 30. Kg1 Re8 31. Nc3 Ng7 32. h3 Rd8 33. d5 Qe7 34. b4 a6 35. g4 Rd7 36. Qf4 Kh7 37. Qf6 Qxf6 38. Rxf6 Ne8 39. dxc6 Nxf6 40. cxd7 Nxd7 41. Kf2 Ne5 42. Nd5 Kg7 43. a4 f6 44. Ke3 Kf7 45. Kd4 Ke6 46. a5 g5 47. Nc7+ Kd7 48. Nd5 Ke6 49. Nc7+ Kd6 50. Ne8+ Ke6 1/2-1/2